00929nam a2200217 a 450000100100000000500170001000800410002702000150006804000250008308200160010810000320012424501620015626000660031830000200038450400730040450400310047770000370050870000380054595201130058399900150069600000568320200929151739.0090821s1995 dr 000 0 spa d a8460091325 aDO-SdBNPbspacBNPHU axxxxbS779i1 aStagno, Horacio Hugo91605910aImportancia de los organismos internacionales en la República Dominicana /cHoracio Hugo Stagno ; prólogo Ramón Alonso ; revisión José Luis Parisi. aSanto Domingo :bUniversidad Católica Santo Domingo,c1995. a95 p. ;c21 cm. aIncluye referencias bibliográficas y notas al pie de las páginas aBibliografía : p. 83- 841 aAlonso, Ramón,epról.9116171 aParisi, José Luis,erev.916060 0010718PDaPDbPDcHDd2009-08-21iLF1l0oxxxx S779ip5683-10r2020-06-25w2020-06-25yLFPDZNo se presta c5480d5480